|
|
|
|
| LEADER |
01323nam a2200397 a 4500 |
| 001 |
000530645 |
| 003 |
CZ BrMZK |
| 005 |
20070119121902.0 |
| 007 |
ta |
| 008 |
000115s2000 xr e f cze d |
| 015 |
|
|
|a cnb000974740
|
| 020 |
|
|
|a 80-85277-94-8
|
| 035 |
|
|
|a (OCoLC)36508505
|
| 040 |
|
|
|a BOA001
|b cze
|
| 072 |
|
7 |
|a 56
|x Paleontologie
|2 Konspekt
|9 7
|
| 080 |
|
|
|a 903
|2 MRF
|
| 080 |
|
|
|a 56:57/59
|2 MRF
|
| 080 |
|
|
|a 56:59
|2 MRF
|
| 080 |
|
|
|a (0.062)
|2 MRF
|
| 080 |
|
|
|a (084.11)
|2 MRF
|
| 100 |
1 |
|
|a Špinar, Zdeněk Vlastimil,
|d 1916-1995
|7 jk01130901
|4 aut
|
| 245 |
1 |
0 |
|a Velká kniha o pravěku /
|c Zdeněk V. Špinar ; ilustroval Zdeněk Burian
|
| 246 |
3 |
3 |
|a Kniha o pravěku
|
| 250 |
|
|
|a Vyd. 2.
|
| 260 |
|
|
|a Praha :
|b Aventinum,
|c 2000
|
| 300 |
|
|
|a 256 s. :
|b il. (větš. barev.) ;
|c 28 cm
|
| 500 |
|
|
|a Náz. v tir.: Kniha o pravěku
|
| 650 |
0 |
7 |
|a pravěk
|7 ph117254
|2 czenas
|
| 650 |
0 |
7 |
|a paleobiologie
|7 ph115644
|2 czenas
|
| 650 |
0 |
7 |
|a paleozoologie
|7 ph115652
|2 czenas
|
| 655 |
|
7 |
|a populárně-naučné publikace
|7 fd131864
|2 czenas
|
| 655 |
|
7 |
|a obrazové publikace
|7 fd132947
|2 czenas
|
| 700 |
1 |
|
|a Burian, Zdeněk,
|d 1905-1981
|7 jk01020396
|4 ill
|
| 910 |
|
|
|a BOA001
|b 4-1076.485
|
| 990 |
|
|
|a BK
|
| 996 |
6 |
|
|b 2610120502
|c 4-1076.485
|l MZK
|r Sklad / do 1 hodiny
|n 5
|p p.v.
|w 000530645
|u 000010
|a 1
|e BOA001
|j MZK50
|s P
|